| 000 | 00993cab a2200313 4500 | ||
|---|---|---|---|
| 001 | ABS60501 | ||
| 008 | 090401t1999 xxu||||| |||| 00| 0 eng d | ||
| 035 | _a(Sirsi) u92694 | ||
| 041 | _aeng | ||
| 100 | _aOxley, M. | ||
| 245 | _aHousebuilding: alternative solutions from Europe | ||
| 260 | _c1999 | ||
| 350 | _a0 | ||
| 490 |
_aCSM _bChartered Surveyor Monthly _v8 (8) April 1999, 31-33(3) |
||
| 520 | _aSummarises the RICS research report of the same title. Examines the possible effects of European economic convergence on housebuilding in the UK by comparison with Germany and the Netherlands. | ||
| 650 | _aECONOMIC AND MONETARY UNION | ||
| 650 | _aECONOMY | ||
| 650 | _aEURO | ||
| 650 | _aGERMANY | ||
| 650 | _aHOLLAND | ||
| 650 | _aHOUSE BUILDING | ||
| 650 | _aMARKET | ||
| 650 | _aNETHERLANDS | ||
| 650 | _aPRIVATE HOUSING | ||
| 690 | _aPROPERTY-RESIDENTIAL PROPERTY-RESIDENTIAL PROPERTY MARKET | ||
| 700 | _aGolland, A. | ||
| 942 | _n0 | ||
| 948 | _c13/04/1999 | ||
| 999 |
_c58748 _d58748 |
||